| 000 | 00894nam a22001817a 4500 | ||
|---|---|---|---|
| 008 | 140401b xxu||||| |||| 00| 0 eng d | ||
| 020 | _a100324788924 | ||
| 050 | _aQA76.P21 | ||
| 100 | _aParsons, June Jamrich. | ||
| 245 |
_aComputer concepts: introductory. / _cJune Jamrich Parsons |
||
| 250 | _a7th ed. | ||
| 260 |
_aAustralia: _bCourse Technology, _c2010. |
||
| 300 |
_axxiv, 344 p.: _bill.; _c27cm. |
||
| 500 | _aIncludes index and glossary. | ||
| 505 | _aContents: Computers and internet basics -- Computer hardware -- Computer software -- Digital electronics and file management -- Networks and the internet -- Data security -- The web and e-commerce -- Digital media -- The computer industry and careers -- Guide worksheets -- Buyers's guide worksheets -- Visual tour of windows vista and Microsoft office 2007 -- Trends in technology. | ||
| 700 | _aOja, Dan | ||
| 942 |
_2lcc _cBK |
||
| 999 |
_c2787 _d10287 |
||